College Quizbowl Stats
College Quizbowl Stats
Circuits
Seasons
Sets
Records
Detailed Stats
About
Loading...
2024 ACF Winter at Lehigh
Tossups
Bonuses
Players
Teams
Categories (Tossup)
Categories (Bonus)
Nihal Chatra
Johns Hopkins A
Categories
Category
Powers
Gets
Negs
BBs
Points
Earliest Buzz
Avg. Buzz
First Buzzes
Top 3 Buzzes
Mythology
0
2
0
0
20
54
59.00
0
1
History - European History
0
1
0
0
10
81
81.00
0
1
History - Other History
0
1
0
0
10
57
57.00
1
1
Social Science
0
1
0
0
10
82
82.00
0
1
History - World History
0
0
1
0
-5
0.00
0
0
Buzzes
Category
Answer
Value
Buzz Position
History - World History
famines
-5
37
Mythology
fairies
10
54
History - Other History
Nile River
10
57
Mythology
Hecate
10
64
History - European History
1930s
10
81
Social Science
Thomas Robert Malthus
10
82
Previous
1
Next